Speedway Grand Prix Winners - Statistics

General Stats
  • This quiz has been taken 148 times
    37 since last reset
  • The average score is 28 of 49
Answer Stats
Hint Answer % Correct
Poland Tomasz Gollob
96%
Poland Bartosz Zmarzlik
93%
Denmark Nicki Pedersen
93%
Russia Artem Laguta
85%
Australia Jack Holder
85%
Great Britain Tai Woffinden
85%
Denmark Bjarne Pedersen
81%
Australia Chris Holder
81%
United States Greg Hancock
78%
Australia Jason Crump
78%
Great Britain Robert Lambert
78%
Sweden Tony Rickardsson
78%
Great Britain Dan Bewley
74%
Sweden Fredrik Lindgren
74%
Australia Jason Doyle
74%
Slovakia Martin Vaculík
70%
Poland Patryk Dudek
70%
Slovenia Matej Žagar
67%
Great Britain Chris Harris
63%
Poland Jarosław Hampel
63%
Denmark Leon Madsen
63%
Poland Maciej Janowski
63%
Poland Krzysztof Kasprzak
59%
Sweden Antonio Lindbäck
56%
Russia Emil Sayfutdinov
56%
Denmark Mikkel Michelsen
56%
United States Billy Hamill
52%
Australia Leigh Adams
52%
Australia Max Fricke
52%
Denmark Michael Jepsen Jensen
52%
Sweden Andreas Jonsson
48%
Australia Brady Kurtz
48%
Denmark Hans Nielsen
48%
Denmark Brian Andersen
44%
Australia Darcy Ward
44%
Denmark Hans Andersen
44%
Great Britain Mark Loram
44%
Germany Martin Smolinski
44%
Denmark Niels-Kristian Iversen
44%
Australia Ryan Sullivan
44%
Denmark Anders Thomsen
41%
Poland Janusz Kołodziej
41%
Denmark Kenneth Bjerre
41%
Poland Piotr Pawlicki Jr.
37%
Poland Adrian Miedzinski
33%
Poland Rune Holta
26%
Denmark Peter Kildemand
22%
Denmark Tommy Knudsen
15%
Great Britain Martin Dugard
11%
No matching quizzes found
Score Distribution
Percent of People with Each Score
Percentile by Number Answered
Your Score History
You have not taken this quiz since the last reset